00425nam a2200133 a 450000500170000000800410001705000180005810000200007624500210009626000440011744000130016199900190017495200980019320140414131915.0100902s19uu xx 00 eng d aFICbP42 2006 aPerry, Chrissie aThe secret club. aNew York :bFeiwel and friends,c2006. aGo girl! c111431d111431 001040aMUbMUcFICd2010-09-02l0oFIC P42 2006pM2150r2014-04-14 00:00:00w2014-04-14yBK